Logo quiz jeux vidéos #1 - Statistiques

Statistiques générales
  • Ce quiz a été pris 749 fois
  • Le résultat moyen est 9 sur 12
Statistiques - réponses
Par images Réponse % Correct
Grand Theft Auto V
98%
Rocket League
97%
Sims
96%
Angry Birds
91%
Super Mario
89%
World of Warcraft
88%
Overwatch
86%
Zelda
83%
Skyrim
69%
Final Fantasy
58%
Halo
50%
Star Fox
32%
Aucun quiz correspondant
Distribution des résultats
% des personnes avec chaque résultat
Percentile par nombre de réponses
Votre historique - résultats
Vous n’avez pas pris ce quiz